DiagnosingManagement Training and Development Needs (Record no. 1898)

MARC details
000 -LEADER
fixed length control field 00336nam a22001337a 4500
008 - FIXED-LENGTH DATA ELEMENTS--GENERAL INFORMATION
fixed length control field 250108b |||||||| |||| 00| 0 eng d
020 ## - INTERNATIONAL STANDARD BOOK NUMBER
ISBN 9221063992
100 ## - MAIN ENTRY--AUTHOR
Author KUBR, Milan
245 ## - TITLE STATEMENT
Title DiagnosingManagement Training and Development Needs
260 ## - PUBLICATION, DISTRIBUTION, ETC. (IMPRINT)
Place of publication U.S.A
Name of publisher Nill
Date of publication 1989
300 ## - COLLATION
Pagination vii, 304
942 ## - ADDED ENTRY ELEMENTS (KOHA)
Item type Books
050 ## - LIBRARY OF CONGRESS CALL NUMBER
Classification number HD38.2
Item number .K83
Holdings
Source of classification or shelving scheme Not for loan Permanent location Current location Date acquired Accession No. Full call number Barcode. Koha item type
Library of Congress Classification   Samuel Ogbemudia Main Library, University of Abuja Samuel Ogbemudia Main Library, University of Abuja 01/08/2025 92/00945 HD38.2.K83 2025-0033 Books